Times de Futebol pelas conquistas - Statistics

Estatísticas Gerais
  • Esse quiz foi jogado 1 579 vezes
    1 521 desde o último reset
  • A pontuação média é 11 de 19
Estatísticas das Respostas
Questão Resposta % Correto
Champions League 2013/2014 Real Madrid
98%
Mundial de Clubes de 2019 Liverpool
87%
Copa América 2019 Brasil
83%
Liga dos Campeões 2020/2021 Chelsea
83%
Brasileirão 2009 Flamengo
78%
Libertadores da América 1963 Santos
75%
Libertadores da América 2013 Atlético Mineiro
71%
Copa do Mundo 1966 Inglaterra
71%
Premier League 2015/2016 Leicester City
67%
Eurocopa 2004 Grécia
65%
Mundial de Clubes 1993 São Paulo
64%
Copa do Brasil 2002 Corinthians
62%
Liga Europa 2015 Sevilla
59%
Campeonato Italiano 2000/2001 Roma
51%
Champions League 1978/1979 Nottingham Forest
36%
LaLiga 1999/2000 Deportivo de La Coruña
34%
Liga dos Campeões da AFC 2021 Al-Hilal
28%
MLS Soccer 2019 Seattle Sounders
14%
Recopa Europeia 1986 Dínamo Kiev
6%
Nenhum quiz correspondente encontrado
Distribuição das Pontuações
Porcentagem de Pessoas com Cada Pontuação
Percentil de Números Respondidos
Sua Pontuação Histórica
Você não jogou esse quiz desde o último reset